Antecedentes y criterios para la eleboración de políticas docentes en América Latina y el Caribe : (Record no. 204111)

MARC details
000 -CABECERA
campo de control de longitud fija 01268nam a2200229 a 4500
003 - IDENTIFICADOR DEL NÚMERO DE CONTROL
campo de control MX-MxUPN
005 - FECHA Y HORA DE LA ÚLTIMA TRANSACCIÓN
campo de control 20221117063718.0
008 - ELEMENTOS DE LONGITUD FIJA--INFORMACIÓN GENERAL
campo de control de longitud fija 190814s2013 cl rb 000 0 spa d
035 ## - NÚMERO DE CONTROL DEL SISTEMA
Número de control de sistema UPN01000232016
040 ## - FUENTE DE LA CATALOGACIÓN
Centro catalogador/agencia de origen MX-MxUPN
Lengua de catalogación spa
Centro/agencia transcriptor MX-MxUPN
041 0# - CÓDIGO DE IDIOMA
Código de lengua del texto/banda sonora o título independiente spa
050 14 - SIGNATURA TOPOGRÁFICA DE LA BIBLIOTECA DEL CONGRESO
Número de clasificación LB1719
Número de documento/Ítem A58 2013
245 00 - MENCIÓN DE TÍTULO
Título Antecedentes y criterios para la eleboración de políticas docentes en América Latina y el Caribe :
Resto del título estrategia regional sobre docentes OREALC/UNESCO Santiago
260 ## - PUBLICACIÓN, DISTRIBUCIÓN, ETC.
Lugar de publicación, distribución, etc. Chile. :
Nombre del editor, distribuidor, etc. UNESCO, Oficina Regional de Educación para América Latina y el Caribe,
Fecha de publicación, distribución, etc. 2013.
300 ## - DESCRIPCIÓN FÍSICA
Extensión 170 páginas
504 ## - NOTA DE BIBLIOGRAFÍA, ETC.
Nota de bibliografía, etc. Incluye referencias bibliográficas.
505 0# - NOTA DE CONTENIDO CON FORMATO PREESTABLECIDO
Título Caracterización general de los docentes y sus organizaciones en América Latina y el Caribe --
-- Formación inicial docente --
-- Formación continua --
-- Carrera docente --
-- Instituciones y procesos de las políticas docentes en América Latina y el Caribe: tendencias e interrogantes --
-- Orientaciones sobre formación inicial --
-- Orientaciones sobre carrera docente --
-- Orientaciones sobre instituciones y procesos de las políticas docentes.
650 #4 - ASIENTO SECUNDARIO DE MATERIA - TERMINO TEMATICO
Término de materia o nombre geográfico como elemento de entrada Maestros
Subdivisión general Formación profesional
Subdivisión geográfica América Latina
9 (RLIN) 765
902 ## - ELEMENTOS DE DATOS B LOCAL, LDB (RLIN)
Creó Víctor Ruiz/161122
942 ## - ELEMENTOS DE PUNTO DE ACCESO ADICIONAL (KOHA)
Fuente del sistema de clasificación o colocación Library of Congress Classification
Tipo de ítem Koha Libro
Holdings
Estado de retiro Estado de pérdida Fuente del sistema de clasificación o colocación Estado dañado No para préstamo Código de colección Localización permanente Ubicación/localización actual Ubicación en estantería Fecha de adquisición Clasificación Código de barras Fecha visto por última vez Tipo de ítem Koha
    Library of Congress Classification     Colección General Bib. Gregorio Torres Quintero Bib. Gregorio Torres Quintero Planta baja 16/11/2022 LB1719 A58 2013 332255 31/12/2020 Libro